| Tag |
First Indicator |
Second Indicator |
Subfields |
| LEADER |
00000cam a2200000 a 4500 |
| 001 |
in00000016631 |
| 005 |
20151007052824.0 |
| 008 |
860702m19879999nyua b 00110 eng |
| 010 |
|
|
|a 86016732
|
| 020 |
|
|
|a 0385177283 (v. 1) :
|c $27.50
|
| 035 |
|
|
|a (OCoLC)13902790
|
| 035 |
|
|
|9 AAA9324AM
|
| 040 |
|
|
|a DLC
|c DLC
|d TXA
|d UtOrBLW
|
| 043 |
|
|
|a n-us---
|
| 049 |
|
|
|a TXAM
|v 1 [A11028767]
|
| 050 |
0 |
0 |
|a TF25.U5
|b K53 1987
|
| 082 |
0 |
|
|a 385/.065/78
|2 19
|
| 100 |
1 |
|
|a Klein, Maury,
|d 1939-
|
| 245 |
1 |
0 |
|a Union Pacific /
|c by Maury Klein.
|
| 250 |
|
|
|a 1st ed.
|
| 264 |
|
1 |
|a Garden City, N.Y. :
|b Doubleday,
|c 1987-
|
| 300 |
|
|
|a volumes :
|b illustrations ;
|c 24 cm.
|
| 336 |
|
|
|a text
|b txt
|2 rdacontent
|
| 337 |
|
|
|a unmediated
|b n
|2 rdamedia
|
| 338 |
|
|
|a volume
|b nc
|2 rdacarrier
|
| 504 |
|
|
|a Bibliography: volume 1, pages [663]-664.
|
| 500 |
|
|
|a Includes index.
|
| 505 |
1 |
|
|a v. 1. Birth of a railroad, 1862-1893.
|
| 610 |
2 |
0 |
|a Union Pacific Railroad Company.
|
| 999 |
|
|
|a MARS
|
| 999 |
f |
f |
|s bd22499c-cb84-3c1d-b121-70387e16d7de
|i 8971bb8d-eafb-3200-af0b-fe9ca3e9c61c
|t 0
|
| 952 |
f |
f |
|p normal
|a Texas A&M University
|b College Station
|c Sterling C. Evans Library
|s Evans stk
|d Evans: Library Stacks
|t 0
|e TF25.U5 K53 1987
|h Library of Congress classification
|i unmediated -- volume
|k v.1
|m A14811028767
|
| 998 |
f |
f |
|a TF25.U5 K53 1987
|s v.1
|t 0
|l Evans: Library Stacks
|